000 00783nam a22002537a 4500
005 20170123162324.0
010 _aA-940986
020 _c100.00
035 _aA-940986
037 _bCen Lib/Ret
040 _aDPL
_bUR
082 _aک
_bب ل و
100 _aبللو، جتیندر
_914097
245 _aنے دیس میں /
_c جتیندر بللو
246 _aNaye dase mein /
_bby Jatinder Billo
260 _aممبئی
_bقلم پبلیکیشنز
_c1998
270 _bممبئی
_a١٧/١٧، یی.جی. کرلا
300 _a184p.
_c21cm(Hb)
650 _a ادب -- اردو
_9118413
650 _aاردو کہانیاں
_x
_9118414
650 _v
_aLiterature -- Urdu
_9118415
650 _aUrdu stories
_9118416
942 _2ddc
_cUR
_hک
_mب ل و
999 _c107285
_d107285